000 00834nam0a22002531 4500
001 rc\854738
005 20250622020721.0
035 _a(NLR Aleph) 006034992
090 _a7567908
_c7567908
100 _a20041129d1983 |||y0rusy50 ca
101 0 _arus
102 _aRU
105 _aa |||||||||
200 1 _aРациональное использование электрической и тепловой энергии
210 _aМинск
_cПолымя
_d1983
215 _a127 с.
_cграф.
_d20
320 _aБиблиогр.: с. 124-125 (30 назв.)
700 1 _aПлюто
_bМ.В.
_gМихаил Васильевич
701 1 _aКлавсуть
_bР.В.
_gРоман Владимирович
801 0 _aRU
_bNLR
_gpsbo
801 1 _aRU
_bELAR
_2rusmarc
852 _aNLR
_j84-3/2038
942 _cBOOK
980 _aNB